| 000 | 00652nam a22002051 4500 | ||
|---|---|---|---|
| 003 | OSt | ||
| 005 | 20150317112207.0 | ||
| 008 | 960922s1971 sp spa | ||
| 040 | _cBMC | ||
| 082 | _a843 | ||
| 100 | 1 |
_aSaint Pierre, Michel de _931475 _d1916-1987 |
|
| 245 | 1 | 4 |
_aLos nuevos curas _cMichel de Saint-Pierre ; [traducción de Julio Gómez de la Serna] |
| 260 |
_aEsplugas de Llobregat, Barcelona _bPlaza & Janes _c1971 |
||
| 300 |
_a313 p. _c18 cm |
||
| 490 | 0 |
_aLibros "Reno" _v200 |
|
| 595 | _aTraducción de: Les Nouveaux pretres | ||
| 650 | 2 | 4 |
_911443 _aNovela francesa |
| 700 | 1 |
_aGómez de la Serna, Julio _9188 |
|
| 942 |
_2ddc _cBK |
||
| 999 |
_c18394 _d18394 |
||